000 007710000a22002410004500
003 LK-CoMWRAF
005 20230828154631.0
008 230817t1994 ||||| |||| 00| 0 eng d
020 _a0027263355
040 _aLK-CoMWRAF
_dLK-CoMWRAF
_eLK-CoMWRAF
041 _aeng
082 _a362.87
_bTRI
100 _aTrier, Jean
245 _aUnited Nations High Commissioner for Refugees
260 _aNew York:
_bNew Discovery
_c1994
300 _a64 p.
_bGlossary and index included
490 _aOrganizations that Help the World
650 _aOFFICE OF THE UNITED NATIONS HIGH COMMISSIONER FOR REFUGEES-JUVENILE LITERATURE
650 _a Refugees - Juvenile literature
650 _aInternational organisations
650 _aRefugees Welfare services
942 _cBK
999 _c1873
_d1873